000 01144nam a2200229Ia 4500
001 8649
003 GE_BSU
008 181216s||||||||xx |||||||||||||| ||und||
040 _cGE_BSU
080 _a821.353.1.09
245 _aქართული ლიტერატურის ისტორია
245 _bექვს ტომად, ტ. 5
245 _cმთ. რედ. გიორგი აბზიანიძე, გურამ ასათიანი, ალექსანდრე ბარამიძე, გურამ გვერდწითელი, გიორგი მერკვილაძე, ბ. ჟღენტი, სჭილაია, გ. ჯიბლაძე
250 _aრუსთაველის სახ. ქართული ლიტერატურის ისტორიის ინ-ტი.
260 _aთბ.
260 _bსაბჭოთა საქართველო
260 _c1982
300 _a542 გვ. 26 სმ
541 _h20 ლ
653 _aქართული ლიტერატურის ისტორია
942 _cBK
999 _c41965
_d41965